Africa under colonial domination 1880-1935 / (Record no. 34027)
[ view plain ]
| 000 -LEADER | |
|---|---|
| fixed length control field | 01417cam a2200325 a 4500 |
| 001 - CONTROL NUMBER | |
| control field | 3813791 |
| 003 - CONTROL NUMBER IDENTIFIER | |
| control field | OSt |
| 005 - DATE AND TIME OF LATEST TRANSACTION | |
| control field | 20220331110751.0 |
| 008 - FIXED-LENGTH DATA ELEMENTS--GENERAL INFORMATION | |
| fixed length control field | 850801s1985 enkabc b 001 0 eng |
| 010 ## - LIBRARY OF CONGRESS CONTROL NUMBER | |
| LC control number | 85186680 |
| 020 ## - INTERNATIONAL STANDARD BOOK NUMBER | |
| International Standard Book Number | 043594813X |
| 020 ## - INTERNATIONAL STANDARD BOOK NUMBER | |
| International Standard Book Number | 0520039181 (University of California Press) |
| 040 ## - CATALOGING SOURCE | |
| Original cataloging agency | DLC |
| Transcribing agency | HU |
| Modifying agency | DLC |
| 043 ## - GEOGRAPHIC AREA CODE | |
| Geographic area code | f------ |
| 050 00 - LIBRARY OF CONGRESS CALL NUMBER | |
| Classification number | DT20 |
| Item number | .G45 1981 vol. 7 |
| Classification number | DT29 |
| 082 00 - DEWEY DECIMAL CLASSIFICATION NUMBER | |
| Classification number | 960 s |
| -- | 960/.23 BOA 1985 |
| Edition number | 19 |
| 245 00 - TITLE STATEMENT | |
| Title | Africa under colonial domination 1880-1935 / |
| Statement of responsibility, etc. | editor, A. Adu Boahen. |
| 260 ## - PUBLICATION, DISTRIBUTION, ETC. | |
| Place of publication, distribution, etc. | London : |
| Name of publisher, distributor, etc. | Heinemann ; |
| Place of publication, distribution, etc. | Berkeley, Calif., U.S.A. : |
| Name of publisher, distributor, etc. | University of California Press, |
| Date of publication, distribution, etc. | 1985. |
| 300 ## - PHYSICAL DESCRIPTION | |
| Extent | xxvii, 865 p. : |
| Other physical details | ill., maps, ports. ; |
| Dimensions | 25 cm. |
| 440 #0 - SERIES STATEMENT/ADDED ENTRY--TITLE | |
| Title | General history of Africa ; |
| Volume/sequential designation | 7 |
| 9 (RLIN) | 33581 |
| 500 ## - GENERAL NOTE | |
| General note | At head of title: UNESCO International Scientific Committee for the Drafting of a General History of Africa. |
| 500 ## - GENERAL NOTE | |
| General note | Includes index. |
| 504 ## - BIBLIOGRAPHY, ETC. NOTE | |
| Bibliography, etc. note | Bibliography: p. 815-844. |
| 651 #0 - SUBJECT ADDED ENTRY--GEOGRAPHIC NAME | |
| Geographic name | Africa |
| General subdivision | History |
| Chronological subdivision | 1884-1960. |
| 9 (RLIN) | 34796 |
| 700 1# - ADDED ENTRY--PERSONAL NAME | |
| Personal name | Boahen, A. Adu. |
| 9 (RLIN) | 34797 |
| 710 2# - ADDED ENTRY--CORPORATE NAME | |
| Corporate name or jurisdiction name as entry element | Unesco. |
| Subordinate unit | International Scientific Committee for the Drafting of a General History of Africa. |
| 9 (RLIN) | 33584 |
| 856 42 - ELECTRONIC LOCATION AND ACCESS | |
| Materials specified | Publisher description |
| Uniform Resource Identifier | <a href="http://www.loc.gov/catdir/description/ucal041/85186680.html">http://www.loc.gov/catdir/description/ucal041/85186680.html</a> |
| 906 ## - LOCAL DATA ELEMENT F, LDF (RLIN) | |
| a | 7 |
| b | cbc |
| c | orignew |
| d | 2 |
| e | ncip |
| f | 19 |
| g | y-gencatlg |
| 942 ## - ADDED ENTRY ELEMENTS (KOHA) | |
| Source of classification or shelving scheme | Dewey Decimal Classification |
| Koha item type | Books like text book referance book |
| Suppress in OPAC | No |
| Withdrawn status | Lost status | Source of classification or shelving scheme | Damaged status | Not for loan | Collection code | Home library | Current library | Shelving location | Date acquired | Total Checkouts | Full call number | Barcode | Date last seen | Copy number | Price effective from | Koha item type |
|---|---|---|---|---|---|---|---|---|---|---|---|---|---|---|---|---|
| Dewey Decimal Classification | Non-fiction | Wondo Genet Library | Wondo Genet Library | General Stacks | 03/31/2022 | 960/.23 BOA 1985 | WGCFNRL00015325 | 03/31/2022 | 1 | 03/31/2022 | Books like text book referance book |